[Event "Lloyds Bank Masters 05th"]
[Site "London"]
[Date "1981.08.30"]
[Round "6"]
[White "McCambridge, Vincent"]
[Black "Ligterink, Gert"]
[Result "0-1"]
[WhiteElo "2350"]
[BlackElo "2450"]
[PlyCount "68"]
[EventDate "1981.08.25"]
[EventType "swiss"]
[EventRounds "9"]
[EventCountry "ENG"]
[SourceTitle "BritBase"]
[Source "John Saunders"]
[SourceDate "2023.12.16"]
[SourceVersion "1"]
[SourceVersionDate "2023.12.16"]
[SourceQuality "1"]

1. e4 c5 2. Nf3 d6 3. d4 cxd4 4. Nxd4 Nf6 5. Nc3 Nc6 6. Bg5 e6 7. Qd2 a6 8.
O-O-O h6 9. Be3 Nxd4 10. Bxd4 b5 11. f4 Be7 12. Bd3 Bb7 13. Qe2 Qa5 14. Qe3 Nd7
15. Qg3 b4 16. Qxg7 Rf8 17. Ne2 e5 18. fxe5 dxe5 19. Be3 Qxa2 20. b3 O-O-O 21.
Kd2 Nf6 22. Ke1 Bxe4 23. Nc1 Qb2 24. Qxh6 Qc3+ 25. Bd2 Qc6 26. Qh3+ Kb7 27. Rg1
Bc5 28. Rf1 Bxg2 29. Bxa6+ Kxa6 30. Rxf6 Qxf6 31. Qxg2 Rg8 32. Bg5 Qf2+ 33.
Qxf2 Bxf2+ 34. Kxf2 Rxd1 0-1

[Event "Lloyds Bank Masters 05th"]
[Site "London"]
[Date "1981.08.30"]
[Round "6"]
[White "Murey, Jacob"]
[Black "Gheorghiu, Florin"]
[Result "1/2-1/2"]
[WhiteElo "2450"]
[BlackElo "2560"]
[PlyCount "59"]
[EventDate "1981.08.25"]
[EventType "swiss"]
[EventRounds "9"]
[EventCountry "ENG"]
[SourceTitle "BritBase"]
[Source "John Saunders"]
[SourceDate "2023.12.16"]
[SourceVersion "1"]
[SourceVersionDate "2023.12.16"]
[SourceQuality "1"]

1. e4 c5 2. Nf3 e6 3. d4 cxd4 4. Nxd4 a6 5. Bd3 Nf6 6. O-O d6 7. c4 g6 8. Nc3
Bg7 9. Bg5 Nbd7 10. Rc1 h6 11. Bh4 Qb6 12. Nb3 Nh5 13. c5 dxc5 14. Na4 Qd6 15.
Nbxc5 Bd4 16. e5 Bxe5 17. Ne4 Qb8 18. g3 O-O 19. Be2 b5 20. Be7 bxa4 21. Nd6
Bxd6 22. Bxd6 Qb6 23. Bxf8 Nxf8 24. Bxh5 gxh5 25. Qxh5 Bb7 26. Qxh6 Qb5 27.
Rfd1 Ng6 28. Rc7 Qe2 29. Rcd7 Bd5 30. Qd2 1/2-1/2

[Event "Lloyds Bank Masters 05th"]
[Site "London"]
[Date "1981.08.30"]
[Round "6"]
[White "Pagden, Michael Ashley"]
[Black "Shamkovich, Leonid A"]
[Result "1-0"]
[WhiteElo "2290"]
[BlackElo "2500"]
[PlyCount "69"]
[EventDate "1981.08.25"]
[EventType "swiss"]
[EventRounds "9"]
[EventCountry "ENG"]
[SourceTitle "BritBase"]
[Source "John Saunders"]
[SourceDate "2023.12.16"]
[SourceVersion "1"]
[SourceVersionDate "2023.12.16"]
[SourceQuality "1"]

1. c4 Nf6 2. Nf3 g6 3. Nc3 d5 4. cxd5 Nxd5 5. g3 Bg7 6. Bg2 c5 7. O-O Nc6 8.
Nxd5 Qxd5 9. d3 Qd6 10. Be3 Rb8 11. Nd2 Nd4 12. Rc1 b6 13. b4 cxb4 14. Nc4 Qe6
15. Bxd4 Bxd4 16. e3 Bc3 17. Qa4+ Bd7 18. Qxa7 O-O 19. a3 Rfc8 20. axb4 Bxb4
21. Rb1 Bd6 22. Nxb6 Rd8 23. d4 Be8 24. e4 Ba3 25. d5 Qd6 26. Nc4 Bc5 27. Qa5
Bxf2+ 28. Kxf2 Qf6+ 29. Ke2 Qd4 30. Nd2 Rdc8 31. Rxb8 Rxb8 32. Rb1 Rxb1 33.
Nxb1 Qc4+ 34. Ke3 Qc1+ 35. Nd2 1-0

[Event "Lloyds Bank Masters 05th"]
[Site "London"]
[Date "1981.08.30"]
[Round "6"]
[White "Ravikumar, Vaidyanathan"]
[Black "Smyslov, Vassily V"]
[Result "1/2-1/2"]
[WhiteElo "2325"]
[BlackElo "2580"]
[PlyCount "65"]
[EventDate "1981.08.25"]
[EventType "swiss"]
[EventRounds "9"]
[EventCountry "ENG"]
[SourceTitle "BritBase"]
[Source "John Saunders"]
[SourceDate "2023.12.16"]
[SourceVersion "1"]
[SourceVersionDate "2023.12.16"]
[SourceQuality "1"]

1. c4 e5 2. g3 Nf6 3. Bg2 d5 4. cxd5 Nxd5 5. Nc3 Nb6 6. Nf3 Nc6 7. O-O Be7 8.
a4 a5 9. d3 Be6 10. Be3 Nd5 11. Nxd5 Bxd5 12. Rc1 O-O 13. Nd2 Nb4 14. Bxd5 Nxd5
15. Qb3 Bb4 16. Nc4 Qe7 17. Bd2 Bxd2 18. Nxd2 c6 19. Qc4 Rfd8 20. Qc5 Qe6 21.
Nc4 e4 22. dxe4 Qxe4 23. Nxa5 Rd7 24. b3 h5 25. Rfd1 Rad8 26. Re1 Nf6 27. Nc4
h4 28. Ne3 hxg3 29. hxg3 Qe6 30. Rc4 Nd5 31. Ng2 g6 32. Rh4 Qf6 33. Qd4 1/2-1/2

[Event "Lloyds Bank Masters 05th"]
[Site "London"]
[Date "1981.08.30"]
[Round "6"]
[White "Seirawan, Yasser"]
[Black "Arkell, Keith C"]
[Result "1-0"]
[WhiteElo "2565"]
[BlackElo "2235"]
[PlyCount "75"]
[EventDate "1981.08.25"]
[EventType "swiss"]
[EventRounds "9"]
[EventCountry "ENG"]
[SourceTitle "BritBase"]
[Source "John Saunders"]
[SourceDate "2023.12.16"]
[SourceVersion "1"]
[SourceVersionDate "2023.12.16"]
[SourceQuality "1"]

1. c4 c5 2. Nf3 Nf6 3. Nc3 d5 4. cxd5 Nxd5 5. e4 Nxc3 6. dxc3 Qxd1+ 7. Kxd1 f6
8. Be3 e5 9. Bc4 Nd7 10. Nd2 Bd6 11. a4 Ke7 12. a5 Nf8 13. Bd5 Rb8 14. Kc2 Be6
15. Nc4 Bxd5 16. exd5 Nd7 17. Rhe1 Ra8 18. f4 b5 19. axb6 axb6 20. fxe5 Bxe5
21. Nxb6 Nxb6 22. Bxc5+ Kd7 23. Bxb6 Bxh2 24. Bd4 Bg3 25. Rh1 h6 26. c4 Rhe8
27. c5 Bf4 28. Kd3 f5 29. b4 g6 30. b5 h5 31. b6 Bg3 32. Rxa8 Rxa8 33. Ra1 Rxa1
34. Bxa1 g5 35. c6+ Kc8 36. Bf6 g4 37. Be7 Bf2 38. b7+ 1-0

[Event "Lloyds Bank Masters 05th"]
[Site "London"]
[Date "1981.08.30"]
[Round "6"]
[White "Tisdall, Jonathan D"]
[Black "Conquest, Stuart C"]
[Result "1-0"]
[WhiteElo "2415"]
[BlackElo "2210"]
[PlyCount "91"]
[EventDate "1981.08.25"]
[EventType "swiss"]
[EventRounds "9"]
[EventCountry "ENG"]
[SourceTitle "BritBase"]
[Source "John Saunders"]
[SourceDate "2023.12.16"]
[SourceVersion "1"]
[SourceVersionDate "2023.12.16"]
[SourceQuality "1"]

1. d4 Nf6 2. c4 g6 3. Nc3 d5 4. cxd5 Nxd5 5. e4 Nxc3 6. bxc3 Bg7 7. Nf3 c5 8.
Be3 Qa5 9. Qd2 O-O 10. Rc1 Bg4 11. Be2 Nd7 12. d5 b5 13. c4 b4 14. O-O Bxf3 15.
Bxf3 Bc3 16. Qc2 Rab8 17. Bg4 Ne5 18. Be2 f6 19. f4 Nf7 20. Bd3 Kg7 21. Qf2
Rbc8 22. Rc2 Qb6 23. Kh1 e5 24. dxe6 Qxe6 25. e5 fxe5 26. f5 Qd6 27. f6+ Kh8
28. Be4 Bd4 29. Bd5 Ng5 30. Qg3 Bxe3 31. Qxe3 Ne6 32. Qh6 Rf7 33. Rcf2 Rcf8 34.
h4 Rg8 35. Qe3 Re8 36. Qg3 Rff8 37. f7 Re7 38. Rf6 Kg7 39. h5 Rfxf7 40. hxg6
Rxf6 41. gxh7+ Ng5 42. Qxg5+ Rg6 43. h8=Q+ Kxh8 44. Rf8+ Kg7 45. Rg8+ Kh7 46.
Rxg6 1-0

[Event "Lloyds Bank Masters 05th"]
[Site "London"]
[Date "1981.08.31"]
[Round "7"]
[White "Arnason, Jon L"]
[Black "Murey, Jacob"]
[Result "0-1"]
[WhiteElo "2440"]
[BlackElo "2450"]
[PlyCount "83"]
[EventDate "1981.08.25"]
[EventType "swiss"]
[EventRounds "9"]
[EventCountry "ENG"]
[SourceTitle "BritBase"]
[Source "John Saunders"]
[SourceDate "2023.12.16"]
[SourceVersion "1"]
[SourceVersionDate "2023.12.16"]
[SourceQuality "1"]

1. e4 c5 2. Nf3 d6 3. d4 cxd4 4. Nxd4 Nf6 5. Nc3 e6 6. Be2 Nc6 7. Be3 Bd7 8. f4
Be7 9. O-O O-O 10. Nb3 Qb8 11. a4 Rd8 12. Bf3 Nb4 13. Qe2 e5 14. Rad1 Qc8 15.
Qd2 Ng4 16. Bxg4 Bxg4 17. Rc1 Be6 18. Nd5 Nxd5 19. exd5 Bd7 20. Qb4 Bf6 21. Na5
exf4 22. Bxf4 b6 23. Nc4 Qc5+ 24. Qxc5 dxc5 25. b3 b5 26. axb5 Bxb5 27. Rcd1
Bd4+ 28. Kh1 a5 29. Rf3 a4 30. Bc1 Rxd5 31. Ba3 Rdd8 32. h3 h5 33. Rb1 axb3 34.
cxb3 Bc6 35. Rf4 Rdb8 36. Bc1 Ra2 37. Nd2 Be3 38. Rf5 Bxd2 39. Rf2 Rd8 40. Re2
Bc3 41. Rxa2 Rd1+ 42. Kh2 0-1

[Event "Lloyds Bank Masters 05th"]
[Site "London"]
[Date "1981.08.31"]
[Round "7"]
[White "Botterill, George Steven"]
[Black "Nokes, Roger I"]
[Result "0-1"]
[WhiteElo "2415"]
[BlackElo "2310"]
[PlyCount "72"]
[EventDate "1981.08.25"]
[EventType "swiss"]
[EventRounds "9"]
[EventCountry "ENG"]
[SourceTitle "BritBase"]
[Source "John Saunders"]
[SourceDate "2023.12.16"]
[SourceVersion "1"]
[SourceVersionDate "2023.12.16"]
[SourceQuality "1"]

1. d4 Nf6 2. c4 c5 3. Nf3 g6 4. Nc3 Bg7 5. dxc5 Qa5 6. Bd2 Qxc5 7. Rc1 O-O 8.
e4 Nc6 9. Be2 d6 10. O-O Qb6 11. b3 a6 12. Nd5 Qd8 13. Qc2 Bg4 14. Bc3 Ne8 15.
Rfd1 Bxf3 16. Bxf3 Bxc3 17. Qxc3 e5 18. Nb4 Nd4 19. Nc2 Ne6 20. b4 Qe7 21. Rd2
Nf6 22. Qe3 Rac8 23. Be2 Kg7 24. Rcd1 Rfd8 25. g3 Qc7 26. f4 Qc6 27. Rd5 Qa4
28. Bd3 Nxd5 29. exd5 Nd4 30. Rd2 Nxc2 31. Bxc2 Qxb4 32. fxe5 Qxc4 33. Rf2 Rf8
34. Qg5 Qxd5 35. Qf6+ Kg8 36. Bb3 Rc1+ 0-1

[Event "Lloyds Bank Masters 05th"]
[Site "London"]
[Date "1981.08.31"]
[Round "7"]
[White "Gerbert, Philipp"]
[Black "Kosten, Anthony C"]
[Result "1-0"]
[WhiteElo "2245"]
[BlackElo "2315"]
[PlyCount "85"]
[EventDate "1981.08.25"]
[EventType "swiss"]
[EventRounds "9"]
[EventCountry "ENG"]
[SourceTitle "BritBase"]
[Source "John Saunders"]
[SourceDate "2023.12.16"]
[SourceVersion "1"]
[SourceVersionDate "2023.12.16"]
[SourceQuality "1"]

1. e4 g6 2. d4 Bg7 3. Nc3 d6 4. Bc4 Nc6 5. d5 Ne5 6. Bb3 c5 7. f4 Nd7 8. Qe2 a6
9. a4 b6 10. Nf3 Qc7 11. O-O Bb7 12. Bc4 Nh6 13. h3 Nf8 14. g4 e5 15. fxe5 dxe5
16. Bxh6 Bxh6 17. g5 Bg7 18. Nh2 Qd6 19. Qf2 O-O-O 20. Qxf7 Rd7 21. Qf2 h6 22.
Ng4 hxg5 23. Qe3 Nh7 24. a5 b5 25. Be2 Kb8 26. Nxb5 axb5 27. Bxb5 Rc7 28. a6
Bc8 29. Bc6 Ka7 30. b4 Bf8 31. b5 Rxc6 32. bxc6 Be7 33. Rfb1 Nf6 34. Qb3 c4 35.
Qb6+ Ka8 36. Qb7+ Bxb7 37. axb7+ Kb8 38. Ra8+ Kc7 39. Rxh8 Qc5+ 40. Kg2 Qa7 41.
Nxf6 Bxf6 42. b8=Q+ Qxb8 43. Rhxb8 {and wins} 1-0

[Event "Lloyds Bank Masters 05th"]
[Site "London"]
[Date "1981.08.31"]
[Round "7"]
[White "Gheorghiu, Florin"]
[Black "Keene, Raymond Dennis"]
[Result "1/2-1/2"]
[WhiteElo "2560"]
[BlackElo "2475"]
[PlyCount "43"]
[EventDate "1981.08.25"]
[EventType "swiss"]
[EventRounds "9"]
[EventCountry "ENG"]
[SourceTitle "BritBase"]
[Source "John Saunders"]
[SourceDate "2023.12.16"]
[SourceVersion "1"]
[SourceVersionDate "2023.12.16"]
[SourceQuality "1"]

1. d4 g6 2. e4 Bg7 3. c4 c5 4. Nf3 d6 5. Nc3 Qa5 6. d5 Bxc3+ 7. bxc3 Nf6 8. Qc2
Nxe4 9. Bd3 f5 10. O-O Nd7 11. Bxe4 fxe4 12. Qxe4 Nf6 13. Qh4 Bf5 14. Re1 O-O-O
15. Bg5 Qxc3 16. Rac1 Qb2 17. Rxe7 Rde8 18. Rce1 Rxe7 19. Rxe7 Re8 20. Rxe8+
Nxe8 21. h3 h5 22. Nd2 1/2-1/2

[Event "Lloyds Bank Masters 05th"]
[Site "London"]
[Date "1981.08.31"]
[Round "7"]
[White "Kraidman, Yair"]
[Black "Hebden, Mark L"]
[Result "1/2-1/2"]
[WhiteElo "2440"]
[BlackElo "2315"]
[PlyCount "202"]
[EventDate "1981.08.25"]
[EventType "swiss"]
[EventRounds "9"]
[EventCountry "ENG"]
[SourceTitle "BritBase"]
[Source "John Saunders"]
[SourceDate "2023.12.16"]
[SourceVersion "1"]
[SourceVersionDate "2023.12.16"]
[SourceQuality "1"]

1. d4 Nf6 2. c4 c5 3. d5 b5 4. cxb5 a6 5. bxa6 Bxa6 6. Nc3 d6 7. g3 g6 8. Bg2
Nbd7 9. Nf3 Bg7 10. O-O O-O 11. Re1 Qa5 12. Qc2 Nb6 13. Nd2 Bb7 14. e4 Nfd7 15.
h3 c4 16. Bf1 Rac8 17. Nf3 Nc5 18. Be3 Nd3 19. Bxd3 cxd3 20. Qxd3 Nc4 21. Qc2
e6 22. Rad1 exd5 23. exd5 Nxe3 24. Rxe3 Qxa2 25. Qd2 Qa5 26. Ng5 Rc4 27. Nge4
Qb6 28. Re2 Ba6 29. Ree1 Rb4 30. Ra1 Bc8 31. Na4 Qb8 32. h4 Bd7 33. Nec3 Qa7
34. Ra3 Bxa4 35. Rea1 Ra8 36. Nxa4 Qd4 37. Qe1 Rab8 38. Re3 Be5 39. Rd1 Qg4 40.
Nc5 Bd4 41. Ne4 Kg7 42. Rxd4 Rxd4 43. Qc3 Qd1+ 44. Kg2 Re8 45. Nxd6 Rxe3 46.
Qxe3 Rxd5 47. Ne8+ Kf8 48. Nf6 Rf5 49. Nxh7+ Kg7 50. Ng5 Qd5+ 51. Nf3 Qb7 52.
g4 Rxf3 53. Qxf3 Qxb2 54. Qd5 Qa1 55. h5 gxh5 56. Qg5+ Kh7 57. Qxh5+ Kg7 58.
Qg5+ Kh7 59. Qe7 Kg7 60. f3 Kg6 61. Qf8 Qb2+ 62. Kh3 Qf2 63. Qg8+ Kf6 64. Qh8+
Kg6 65. Qh5+ Kg7 66. Qg5+ Kf8 67. Qf6 Kg8 68. f4 {sealed} Qf3+ 69. Kh4 Qh1+ 70.
Kg5 Qd5+ 71. Qe5 Qc6 72. Qd4 Qg6+ 73. Kh4 Qc6 74. Qe3 Qg2 75. Qe8+ Kg7 76. Qe5+
Kg8 77. Qd6 Qh1+ 78. Kg5 Kg7 79. Qd4+ Kg8 80. Qc5 Kg7 81. Qc3+ Kh7 82. Qd3+ Kg7
83. Qd4+ Kg8 84. f5 Qc1+ 85. Kh4 Qh6+ 86. Kg3 f6 87. Qd8+ Qf8 88. Qd7 Qb8+ 89.
Kf3 Kf8 90. Qc6 Qe5 91. Qc4 Kg7 92. Qe6 Qc3+ 93. Qe3 Qc6+ 94. Kg3 Qd6+ 95. Kh3
Qd8 96. Qa7+ Kg8 97. Qa2+ Kg7 98. Qb2 Qd3+ 99. Kh4 Qe3 100. Qb7+ Kh6 101. Qg2
Qe1+ 1/2-1/2

[Event "Lloyds Bank Masters 05th"]
[Site "London"]
[Date "1981.08.31"]
[Round "7"]
[White "Petursson, Margeir"]
[Black "Britton, Richard L"]
[Result "1-0"]
[WhiteElo "2460"]
[BlackElo "2295"]
[PlyCount "91"]
[EventDate "1981.08.25"]
[EventType "swiss"]
[EventRounds "9"]
[EventCountry "ENG"]
[SourceTitle "BritBase"]
[Source "John Saunders"]
[SourceDate "2023.12.16"]
[SourceVersion "1"]
[SourceVersionDate "2023.12.16"]
[SourceQuality "1"]

1. d4 Nf6 2. c4 e6 3. g3 d5 4. Bg2 Be7 5. Nf3 O-O 6. O-O c6 7. Qc2 Nbd7 8. b3
Ne4 9. Bb2 f5 10. Ne1 Qe8 11. Nd3 Bg5 12. e3 Ndf6 13. Nc3 Qh5 14. Ne2 Ng4 15.
h3 Nh6 16. Rae1 Kh8 17. Bc1 Bd7 18. f3 Nd6 19. Nef4 Qe8 20. Kh2 Bf6 21. Ba3 Be7
22. Nc5 Nc8 23. Bb2 Bd6 24. Nxb7 Bc7 25. Nd3 Ne7 26. Ne5 Bc8 27. Nc5 g5 28. e4
f4 29. g4 Bxe5 30. dxe5 Qg6 31. Rd1 Nf7 32. Rf2 d4 33. Rxd4 h5 34. Kg1 hxg4 35.
hxg4 Kg7 36. Nd7 Rh8 37. Bf1 Rh4 38. Rh2 a5 39. Ba3 Bxd7 40. Rxd7 Nc8 41. Bc5
Kg8 42. Rxh4 gxh4 43. Qd2 Qg5 44. Bd4 a4 45. c5 axb3 46. axb3 1-0

[Event "Lloyds Bank Masters 05th"]
[Site "London"]
[Date "1981.08.31"]
[Round "7"]
[White "Saidy, Anthony Fred"]
[Black "King, Daniel John"]
[Result "1-0"]
[WhiteElo "2430"]
[BlackElo "2320"]
[PlyCount "105"]
[EventDate "1981.08.25"]
[EventType "swiss"]
[EventRounds "9"]
[EventCountry "ENG"]
[SourceTitle "BritBase"]
[Source "John Saunders"]
[SourceDate "2023.12.16"]
[SourceVersion "1"]
[SourceVersionDate "2023.12.16"]
[SourceQuality "1"]

1. d4 Nf6 2. c4 g6 3. g3 c5 4. Nf3 cxd4 5. Nxd4 Bg7 6. Bg2 Nc6 7. Nc3 O-O 8.
O-O Nxd4 9. Qxd4 d6 10. Qd3 a6 11. Be3 Bf5 12. Qd2 Rb8 13. Ba7 Rc8 14. Bxb7 Bh3
15. Bxc8 Qxc8 16. Bd4 Bxf1 17. Bxf6 Bxf6 18. Kxf1 Qxc4 19. Nd5 Kg7 20. b3 Qe4
21. f3 Qf5 22. Nxf6 Qxf6 23. Rc1 Qf5 24. Rc7 Re8 25. Qc3+ Kg8 26. Qc6 Qb5 27.
Qxb5 axb5 28. Rb7 Ra8 29. Rxe7 Rxa2 30. Rb7 d5 31. Rxb5 d4 32. h4 Kg7 33. b4
Rb2 34. Ke1 Kf6 35. Kd1 h5 36. Rb8 d3 37. exd3 Rf2 38. g4 hxg4 39. fxg4 Rh2 40.
h5 gxh5 41. gxh5 Rxh5 42. Kd2 Rh1 43. b5 Rb1 44. Kc2 Rb4 45. Kc3 Rb1 46. Kd4
Kf5 47. Kd5 Kf4 48. d4 f5 49. b6 Kf3 50. Kc6 f4 51. d5 Kf2 52. Rf8 f3 53. b7
1-0

[Event "Lloyds Bank Masters 05th"]
[Site "London"]
[Date "1981.08.31"]
[Round "7"]
[White "Smyslov, Vassily V"]
[Black "Pagden, Michael Ashley"]
[Result "1-0"]
[WhiteElo "2580"]
[BlackElo "2290"]
[PlyCount "49"]
[EventDate "1981.08.25"]
[EventType "swiss"]
[EventRounds "9"]
[EventCountry "ENG"]
[SourceTitle "BritBase"]
[Source "John Saunders"]
[SourceDate "2023.12.16"]
[SourceVersion "1"]
[SourceVersionDate "2023.12.16"]
[SourceQuality "1"]

1. c4 e5 2. Nc3 Nf6 3. Nf3 Nc6 4. e3 Bb4 5. Qc2 Bxc3 6. Qxc3 Qe7 7. a3 a5 8. b3
O-O 9. Bb2 d6 10. Be2 Bf5 11. d3 h6 12. O-O Bh7 13. b4 axb4 14. axb4 e4 15.
dxe4 Qxe4 16. b5 Ne7 17. Nd4 d5 18. f3 Qe5 19. Qb3 dxc4 20. Bxc4 Rxa1 21. Rxa1
Ned5 22. e4 Nb6 23. Ne6 Qh5 24. Nxf8 Qc5+ 25. Kh1 1-0

[Event "Lloyds Bank Masters 05th"]
[Site "London"]
[Date "1981.08.31"]
[Round "7"]
[White "Treppner, Gerd"]
[Black "Ravikumar, Vaidyanathan"]
[Result "1-0"]
[WhiteElo "2255"]
[BlackElo "2325"]
[PlyCount "91"]
[EventDate "1981.08.25"]
[EventType "swiss"]
[EventRounds "9"]
[EventCountry "ENG"]
[SourceTitle "BritBase"]
[Source "John Saunders"]
[SourceDate "2023.12.16"]
[SourceVersion "1"]
[SourceVersionDate "2023.12.16"]
[SourceQuality "1"]

1. Nf3 Nf6 2. c4 g6 3. Nc3 Bg7 4. e4 d6 5. d4 O-O 6. Be2 c5 7. O-O b6 8. Re1
Na6 9. Bf1 Bg4 10. d5 Nb4 11. Be2 e5 12. a3 Na6 13. Ng5 Bc8 14. Rf1 h6 15. Nf3
Nb8 16. Ne1 Nbd7 17. Bd2 Ne8 18. Nd3 a6 19. Qc1 Kh7 20. Bd1 Nc7 21. b4 f5 22.
Rb1 Nf6 23. f3 Nce8 24. Nf2 f4 25. Ba4 g5 26. Bc6 Ra7 27. bxc5 bxc5 28. Rb8 h5
29. Na4 Nd7 30. Bxd7 Rxd7 31. Nb6 Rb7 32. Rxc8 Qxb6 33. Rc6 Qd8 34. Qc2 Bh6 35.
Rb1 Rg7 36. h3 Rfg8 37. Qd1 g4 38. fxg4 hxg4 39. hxg4 Nf6 40. Rbb6 Nxe4 41.
Nxe4 Rxg4 42. Qxg4 Rxg4 43. Rxd6 Qh4 44. Rxh6+ Qxh6 45. Rxh6+ Kxh6 46. d6 1-0

[Event "Lloyds Bank Masters 05th"]
[Site "London"]
[Date "1981.09.01"]
[Round "8"]
[White "Cox, John J"]
[Black "Smyslov, Vassily V"]
[Result "1/2-1/2"]
[WhiteElo "2275"]
[BlackElo "2580"]
[PlyCount "41"]
[EventDate "1981.08.25"]
[EventType "swiss"]
[EventRounds "9"]
[EventCountry "ENG"]
[SourceTitle "BritBase"]
[Source "John Saunders"]
[SourceDate "2023.12.16"]
[SourceVersion "1"]
[SourceVersionDate "2023.12.16"]
[SourceQuality "1"]

1. c4 e5 2. Nc3 Nf6 3. Nf3 d6 4. g3 g6 5. Bg2 Bg7 6. O-O O-O 7. d3 c6 8. c5
dxc5 9. Nxe5 Nd5 10. Nc4 Nxc3 11. bxc3 Bxc3 12. Rb1 b6 13. Qb3 Bg7 14. Qa3 Ba6
15. Bf4 Bxc4 16. dxc4 Qe7 17. Rxb6 axb6 18. Qxa8 Be5 19. Bxe5 Qxe5 20. e3 Qc3
21. Bxc6 1/2-1/2

[Event "Lloyds Bank Masters 05th"]
[Site "London"]
[Date "1981.09.01"]
[Round "8"]
[White "Keene, Raymond Dennis"]
[Black "Ligterink, Gert"]
[Result "1-0"]
[WhiteElo "2475"]
[BlackElo "2420"]
[PlyCount "109"]
[EventDate "1981.08.25"]
[EventType "swiss"]
[EventRounds "9"]
[EventCountry "ENG"]
[SourceTitle "BritBase"]
[Source "John Saunders"]
[SourceDate "2023.12.16"]
[SourceVersion "1"]
[SourceVersionDate "2023.12.16"]
[SourceQuality "1"]

1. d4 Nf6 2. c4 e6 3. Nc3 Bb4 4. e3 c5 5. Bd3 Nc6 6. Nf3 Bxc3+ 7. bxc3 d6 8. e4
e5 9. h3 h6 10. Qe2 Qc7 11. dxc5 dxc5 12. Nh2 b6 13. Nf1 Ba6 14. Ne3 O-O-O 15.
Nd5 Qd7 16. O-O Ne8 17. Rb1 Qe6 18. f4 f6 19. f5 Qd6 20. Be3 Na5 21. Rb2 Rd7
22. Rfb1 Rb7 23. a4 Rf8 24. Kh1 Rff7 25. Bg1 Rfd7 26. Be3 Rd8 27. Ra2 Qd7 28.
Kh2 Nd6 29. Rb5 Bxb5 30. axb5 Kb8 31. Ra3 Rc8 32. Qa2 Qf7 33. Rxa5 bxa5 34.
Qxa5 Qf8 35. Qa6 Ne8 36. Qa3 Qd6 37. Be2 Ka8 38. Bh5 Nc7 39. Bxc5 Nxb5 40. Bxd6
Nxa3 41. Bxa3 Rxc4 42. Bb4 Rxe4 43. Bf3 Rc4 44. Ne3 e4 45. Nxc4 exf3 46. g4 Rd7
47. Kg3 Rd3 48. Kf2 Kb7 49. Ne3 Kb6 50. Kxf3 Kb5 51. Ke4 Rd7 52. Nc2 a5 53.
Nd4+ Kb6 54. Ba3 a4 55. c4 {Source: Gert Ligterink} 1-0

[Event "Lloyds Bank Masters 05th"]
[Site "London"]
[Date "1981.09.01"]
[Round "8"]
[White "Kraidman, Yair"]
[Black "Van der Sterren, Paul"]
[Result "1-0"]
[WhiteElo "2440"]
[BlackElo "2420"]
[PlyCount "85"]
[EventDate "1981.08.25"]
[EventType "swiss"]
[EventRounds "9"]
[EventCountry "ENG"]
[SourceTitle "BritBase"]
[Source "John Saunders"]
[SourceDate "2023.12.16"]
[SourceVersion "1"]
[SourceVersionDate "2023.12.16"]
[SourceQuality "1"]

1. d4 Nf6 2. c4 e6 3. Nf3 b6 4. e3 Bb7 5. Bd3 d5 6. O-O Bd6 7. Nc3 O-O 8. b3
Nbd7 9. cxd5 exd5 10. Qe2 a6 11. Bb2 Ne4 12. Rac1 f5 13. Rc2 Rf6 14. h3 Rh6 15.
Ne5 Nxe5 16. dxe5 Bxe5 17. Nxe4 Bxb2 18. Ng3 Be5 19. Nxf5 Re6 20. f4 Bd6 21.
Rf3 c5 22. Rg3 Bf8 23. Qh5 g6 24. Nh6+ Bxh6 25. Qxh6 Qd6 26. Rf2 Rf6 27. Rg5
Re8 28. f5 Rxe3 29. Rxg6+ hxg6 30. Qxe3 gxf5 31. Bxf5 d4 32. Qg5+ Kf8 33. Qh5
Bd5 34. Re2 Bc6 35. Qh8+ Kf7 36. Bg4 Kg6 37. h4 d3 38. Bh5+ Kf5 39. Rf2+ Ke5
40. Qg7 Be4 41. Bg4 Bg6 42. h5 d2 43. Rxf6 1-0

[Event "Lloyds Bank Masters 05th"]
[Site "London"]
[Date "1981.09.01"]
[Round "8"]
[White "Miles, Anthony John"]
[Black "Murey, Jacob"]
[Result "1-0"]
[WhiteElo "2565"]
[BlackElo "2450"]
[PlyCount "78"]
[EventDate "1981.08.25"]
[EventType "swiss"]
[EventRounds "9"]
[EventCountry "ENG"]
[SourceTitle "BritBase"]
[Source "John Saunders"]
[SourceDate "2023.12.16"]
[SourceVersion "1"]
[SourceVersionDate "2023.12.16"]
[SourceQuality "1"]

1. g3 d5 2. Nf3 g6 3. c4 d4 4. Bg2 Bg7 5. O-O Nc6 6. e3 Nf6 7. d3 dxe3 8. fxe3
O-O 9. Nc3 Bg4 10. h3 Bxf3 11. Bxf3 Qd6 12. Kh2 Rad8 13. d4 e5 14. d5 e4 15.
Nxe4 Nxe4 16. Bxe4 Ne5 17. Qc2 Qc5 18. Bd2 Qxc4 19. Rac1 Qe2+ 20. Kg1 f5 21.
Bg2 Bh6 22. Kh2 Nd3 23. Rcd1 Bxe3 24. d6 f4 25. dxc7 fxg3+ 26. Kh1 Nf2+ 27.
Rxf2 gxf2 28. cxd8=Q Rxd8 29. Qb3+ Kg7 30. Bc3+ Kh6 31. Rf1 Bd2 32. Qb4 g5 33.
Qa5 Rd3 34. Qf5 Bxc3 35. bxc3 Qe3 36. Rxf2 Rd1+ ({Corrected from} 36... Qe7 37.
Qf6+ Qxf6 38. Rxf6+ Kg7 {1-0 (time) as previously given here.}) 37. Kh2 Qe7 38.
Qf6+ Qxf6 {(game end according to chessgames.com)} 39. Rxf6+ Kg7 {time. Source:
bulletin} 1-0

[Event "Lloyds Bank Masters 05th"]
[Site "London"]
[Date "1981.09.01"]
[Round "8"]
[White "Popovych, Orest"]
[Black "Dickenson, Neil F"]
[Result "1-0"]
[WhiteElo "2360"]
[BlackElo "2240"]
[PlyCount "59"]
[EventDate "1981.08.25"]
[EventType "swiss"]
[EventRounds "9"]
[EventCountry "ENG"]
[SourceTitle "BritBase"]
[Source "John Saunders"]
[SourceDate "2023.12.16"]
[SourceVersion "1"]
[SourceVersionDate "2023.12.16"]
[SourceQuality "1"]

1. e4 g6 2. d4 Bg7 3. Nc3 d6 4. f4 Nf6 5. Nf3 O-O 6. Bd3 Na6 7. O-O c5 8. d5
Rb8 9. Kh1 Nc7 10. a4 b6 11. Qe1 a6 12. Qh4 b5 13. axb5 axb5 14. f5 gxf5 15.
Bh6 c4 16. Be2 b4 17. e5 dxe5 18. Nxe5 Bxh6 19. Qxh6 bxc3 20. Nc6 Qe8 21. Nxb8
cxb2 22. Rab1 c3 23. Rf3 Ng4 24. Rg3 Kh8 25. Bxg4 fxg4 26. d6 exd6 27. Rxc3 Nd5
28. Rd3 Bb7 29. Nd7 Rg8 30. Nf6 {Source: Big Database 2020} 1-0

[Event "Lloyds Bank Masters 05th"]
[Site "London"]
[Date "1981.09.01"]
[Round "8"]
[White "Povah, Nigel Edward"]
[Black "Freeman, Michael Joseph"]
[Result "1-0"]
[WhiteElo "2365"]
[BlackElo "2090"]
[PlyCount "55"]
[EventDate "1981.08.25"]
[EventType "swiss"]
[EventRounds "9"]
[EventCountry "ENG"]
[SourceTitle "BritBase"]
[Source "John Saunders"]
[SourceDate "2023.12.16"]
[SourceVersion "1"]
[SourceVersionDate "2023.12.16"]
[SourceQuality "1"]

1. c4 g6 2. Nc3 Bg7 3. g3 e5 4. Bg2 d6 5. e3 Nf6 6. Nge2 O-O 7. O-O Nh5 8. d4
Nd7 9. b3 f5 10. dxe5 Nxe5 11. Bb2 Rb8 12. Qd2 a6 13. Rad1 Be6 14. Nf4 Nxf4 15.
exf4 Ng4 16. Rfe1 Bf7 17. Nd5 Bxd5 18. Bxd5+ Kh8 19. Bxg7+ Kxg7 20. Qd4+ Kh6
21. f3 Nf6 22. Be6 Nh5 23. c5 Qf6 24. cxd6 cxd6 25. Qxd6 Rbd8 26. Qe5 Rxd1 27.
Rxd1 Re8 28. Rd6 {Source: Big Database 2020} 1-0